000 00540nam a2200229Ia 4500
008 210210b2013 xxu||||| |||| 00| 0 eng d
020 _a8172248091
041 _aeng
082 _a294.3 HUAB
100 _aHUAI-CHIN (Nan)
245 _aBasic Buddhism: Exploring Buddhism and Zen
260 _aAhmedabad
_bJaico Publishing House
_c2013
300 _avi,296
650 _aZen
650 _aExploring
650 _aBuddhism:
650 _aBuddhism
650 _aBasic
650 _aand
690 _aBuddhism
906 _a070081
999 _c119556
_d119556